Madrid: guía visual de arquitectura

Sparad:
Bibliografiska uppgifter
Huvudupphovsmän: Gea Ortigas, Isabel (Författare, medförfattare), Castellanos Oñate, José Manuel (Författare, medförfattare), López Carcelén, Pedro (Författare, medförfattare)
Materialtyp: Bok
Språk:spanska
Publicerad: Madrid Ediciones la Libreria 2011
Upplaga:3a. ed
Ämnen:
Taggar: Lägg till en tagg
Inga taggar, Lägg till första taggen!

MARC

LEADER 00000cam a2200000 a 4500
001 UCC0880
003 CL-VaPUC
008 170908e20110000sp |||||||||||||||||spa|d
020 |a 9788498730630 
082 0 4 |a 720.946  |b GEA  |2 21 
100 0 |a Gea Ortigas, Isabel  |e author  |9 594859 
700 0 |a Castellanos Oñate, José Manuel  |e author  |9 594860 
700 0 |a López Carcelén, Pedro  |e author  |9 594861 
245 1 0 |a Madrid: guía visual de arquitectura 
250 |a 3a. ed 
300 |a 173 p 
942 |c BK 
945 |d 20170908 13:53:00  |a arojas 
260 |a Madrid  |b Ediciones la Libreria  |c 2011 
650 0 |a Arquitectura española  |9 341294 
650 0 |a Diseño arquitectónico   |9 265271 
650 7 |a GUIAS  |2 CL-VaPUC  |9 594862 
651 7 |a MADRID  |2 CL-VaPUC  |9 315914 
583 |a last modification  |c 20170908 13:53:00  |k Rodrigo Vera 
999 |c 369543  |d 369541 
952 |0 0  |1 0  |3 erb  |4 0  |6 720_946000000000000_GEA_2011  |7 0  |8 A  |9 485420  |a BIBARQ  |b BIBARQ  |i 5421195  |l 2  |o 720.946 GEA 2011  |p 5421195  |r 2025-01-20  |s 2024-03-07  |w 2019-11-24  |y BK  |z Catalogado en:20170908  |k ARQ